Score 0/16 Timer 01:00
9 Plays Today
% Correct
Trix Rabbit
89.8%
Toucan Sam
89.8%
Cap'n Crunch
89.5%
Snap, Crackle, Pop
89.1%
Count Chocula
88.9%
Dig'Em Frog
88.8%
Tony
87.7%
Quaker
87.1%
% Correct
Lucky
85.7%
King Vitaman
81.2%
Franken Berry
80.6%
Buzz
77.7%
Boo Berry
73.9%
CinnaMon
73.2%
Chip
60.5%
Sonny
47.3%
Remove Ads.
Support Sporcle.
Get the best of Sporcle when you Go Orange. This ad-free experience offers more features, more stats, and more fun while also helping to support Sporcle. Thank you for becoming a member.

You're not logged in!

Compare scores with friends on all Sporcle quizzes.
OR
Log In

Show Comments

Extras

Top Quizzes Today


Score Distribution

Your Account Isn't Verified!

In order to create a playlist on Sporcle, you need to verify the email address you used during registration. Go to your Sporcle Settings to finish the process.

Report this User

Report this user for behavior that violates our Community Guidelines.

Details: